000 00498nam a2200133 a 4500
008 120416s1966 ||||||||||||||||| || u
050 _aHF 5417 Res
100 _aYamey, Basil S
245 1 0 _aResale price maintenance
_cedited by Basil S. Yamey
260 _aLondon
_bWeidenfeld and Nicolson
_c1966
300 _avii, 303p.
350 _a0.00
995 _D0.00
_FCBU-MAIN LIBRARY (Kitwe)
_H1
_I0.00
_M1
_UAVAILABLE
_ZMain Library Open Access Collection
999 _c56285
_d56285